ARRUPE JESUIT UNIVERSITY

CORONAVIRUS -STOP THE SPREAD - CLEAN,DISINFECT,COVER

Dzinza ravaGovera vaChirumhanzu naMutasa (Record no. 126137)

MARC details
000 -LEADER
fixed length control field 00477nam a22001457a 4500
008 - FIXED-LENGTH DATA ELEMENTS--GENERAL INFORMATION
fixed length control field 170216b xxu||||| |||| 00| 0 eng d
050 ## - LIBRARY OF CONGRESS CALL NUMBER
Classification number DT2913.S55 Z96
100 ## - MAIN ENTRY--PERSONAL NAME
Personal name Zvarevashe, Ignatius
9 (RLIN) 28868
245 ## - TITLE STATEMENT
Title Dzinza ravaGovera vaChirumhanzu naMutasa
Statement of responsibility, etc Ignatius Zvarevashe
260 ## - PUBLICATION, DISTRIBUTION, ETC. (IMPRINT)
Place of publication, distribution, etc Gweru
Name of publisher, distributor, etc Mambo Press
Date of publication, distribution, etc 1998
300 ## - PHYSICAL DESCRIPTION
Extent xiv, 190p. ;
Dimensions 20cm.
650 ## - SUBJECT ADDED ENTRY--TOPICAL TERM
Topical term or geographic name as entry element Shona (African people)
General subdivision Clans
9 (RLIN) 28870
650 ## - SUBJECT ADDED ENTRY--TOPICAL TERM
Topical term or geographic name as entry element Mutasa clan (Shona)
Geographic subdivision Zimbabwe
9 (RLIN) 28871
942 ## - ADDED ENTRY ELEMENTS (KOHA)
Source of classification or shelving scheme Library of Congress Classification
Item type Monograph ( Printed materials)
Holdings
Withdrawn status Lost status Source of classification or shelving scheme Damaged status Not for loan Collection code Home library Current library Shelving location Date acquired Total Checkouts Full call number Barcode Date last seen Price effective from Koha item type
    Library of Congress Classification     Main Collection ARRUPE LIBRARY ARRUPE LIBRARY Main Collection 16/02/2017   DT2913.S55 Z96 46500023539 07/12/2017 16/02/2017 Monograph ( Printed materials)

 

Arrupe Library. PO Box MP320 Mt Pleasant, Harare, Zimbabwe
263 242 745411|librarian@aju.ac.zw